|
|
|
|
| LEADER |
00810cam a2200241 a 4500 |
| 001 |
0000049295 |
| 005 |
20030715090000.0 |
| 040 |
|
|
|a mod
|
| 041 |
|
|
|a eng
|
| 020 |
0 |
0 |
|a 0072295937
|
| 090 |
0 |
0 |
|a 658.3
|b BYA
|c f
|e 2000
|
| 100 |
1 |
0 |
|a Byars
|h Lloyd
|
| 245 |
1 |
0 |
|a Human resource management
|c Lloyd Byars
|
| 250 |
0 |
0 |
|a 6th ed
|
| 260 |
0 |
0 |
|a Singapore
|b McGraw-Hill Book Co.
|c 2000
|
| 300 |
0 |
0 |
|a xvi, 512p.
|b ill.
|c 28cm
|
| 500 |
0 |
0 |
|a Includes bibliographical references and index
|
| 650 |
0 |
0 |
|a Personnel management
|
| 700 |
1 |
0 |
|a Rue
|h Leslie W
|
| 852 |
0 |
0 |
|a 01
|
| 999 |
|
|
|a 0177725
|b KEMENTAH
|d BOOKS
|e Umum
|f Perpustakaan KEMENTAH
|j AVAILABLE
|q GOOD CONDITION
|
| 999 |
|
|
|a 0186897
|b KEMENTAH
|d BOOKS
|e Umum
|f Perpustakaan KEMENTAH
|j WEEDING APPROVAL
|q GOOD CONDITION
|
| 999 |
|
|
|a 0216848
|b IKED
|d BOOKS
|e Rujukan
|f IKED
|j AVAILABLE
|q GOOD CONDITION
|